Catálogo
 En Linea

Cultura política de la democracia en la República Dominicana y en las Américas, 2018-19 : (Registro nro. 51843)

Detalles MARC
000 -CABECERA
campo de control de longitud fija 02084nam a22003617i 4500
003 - IDENTIFICADOR DEL NÚMERO DE CONTROL
campo de control DO-SdBNP
005 - FECHA Y HORA DE LA ÚLTIMA TRANSACCIÓN
campo de control 20240406073831.0
007 - CAMPO FIJO DE DESCRIPCIÓN FÍSICA--INFORMACIÓN GENERAL
campo de control de longitud fija ta
008 - DATOS DE LONGITUD FIJA--INFORMACIÓN GENERAL
campo de control de longitud fija 220530b2019 dr ad||| |||| 00| 0 spa d
020 ## - NÚMERO INTERNACIONAL ESTÁNDAR DEL LIBRO
Número Internacional Estándar del Libro 9780984630363
040 ## - FUENTE DE LA CATALOGACIÓN
Centro catalogador/agencia de origen DO-SdBNP
Lengua de catalogación spa
Centro/agencia transcriptor BNPHU
Normas de descripción rda
082 #4 - NÚMERO DE LA CLASIFICACIÓN DECIMAL DEWEY
Número de clasificación 320.97293
Número de documento/Ítem C968p
Número de edición 22
245 00 - MENCIÓN DE TÍTULO
Título Cultura política de la democracia en la República Dominicana y en las Américas, 2018-19 :
Resto del título tomándole el pulso a la democracia /
Mención de responsabilidad, etc. editores, Rosario Espinal, Jana Morgan, María Fernanda Boidi, Elizabeth J. Zechmeister
260 ## - PUBLICACIÓN, DISTRIBUCIÓN, ETC.
Lugar de publicación, distribución, etc. Santo Domingo :
Nombre del editor, distribuidor, etc. USAID,
Fecha de publicación, distribución, etc. 2019.
264 ## - PRODUCCIÓN, PUBLICACIÓN, DISTRIBUCIÓN, FABRICACIÓN Y COPYRIGHT
Producción, publicación, distribución, fabricación y copyright Santo Domingo :
Nombre del de productor, editor, distribuidor, fabricante USAID
-- INTEC,
Fecha de producción, publicación, distribución, fabricación o copyright 2019.
300 ## - DESCRIPCIÓN FÍSICA
Extensión xx, 284 páginas :
Otras características físicas gráficos ;
Dimensiones 28 cm.
336 ## - TIPO DE CONTENIDO
Fuente rdacontent
Término de tipo de contenido texto
Código de tipo de contenido txt
337 ## - TIPO DE MEDIO
Fuente rdamedia
Nombre/término del tipo de medio sin mediación
Código del tipo de medio nc
338 ## - TIPO DE SOPORTE
Fuente rdacarrier
Nombre/término del tipo de soporte volumen
Código del tipo de soporte n
504 ## - NOTA DE BIBLIOGRAFÍA, ETC.
Nota de bibliografía, etc. Bibliografía : p. 233-239
505 0# - NOTA DE CONTENIDO CON FORMATO
Nota de contenido con formato Lista de gráficos y tablas --
Título Presentación --
-- Introducción del barómetro de las américas 2018/19 --
Información miscelánea Capítulo 1
Título Apoyo a la democracia electoral en las Américas y en la República Dominicana --
Información miscelánea Capítulo 2
Título Legitimidad democrática en las Américas y en la República Dominicana --
Información miscelánea Capítulo 3
Título Redes sociales y actitudes sociales en América Latina y el Caribe --
Información miscelánea Capítulo 4
Título Delincuencia, corrupción y justicia en la República Dominicana --
Información miscelánea Capítulo 5
Título Normas y comportamientos políticos en la República Dominicana --
Información miscelánea Capítulo 6
Título Inclusión social y derechos humanos en la República Dominicana --
-- Anexos.
590 ## - NOTA LOCAL (RLIN)
Nota local Inventariado, 2022 /LP<br/>
650 #0 - PUNTO DE ACCESO ADICIONAL DE MATERIA--TÉRMINO DE MATERIA
Término de materia o nombre geográfico como elemento de entrada Democracia
9 (RLIN) 286
651 #4 - PUNTO DE ACCESO ADICIONAL DE MATERIA--NOMBRE GEOGRÁFICO
Nombre geográfico República Dominicana
Subdivisión general Política y gobierno
Subdivisión cronológica 2018-2019
9 (RLIN) 82999
651 #4 - PUNTO DE ACCESO ADICIONAL DE MATERIA--NOMBRE GEOGRÁFICO
Nombre geográfico Américas
Subdivisión general Política y gobierno
9 (RLIN) 83002
700 1# - PUNTO DE ACCESO ADICIONAL--NOMBRE DE PERSONA
Nombre de persona Espinal, Rosario
Fechas asociadas al nombre 1955-
Término indicativo de función/relación editor
9 (RLIN) 43869
700 1# - PUNTO DE ACCESO ADICIONAL--NOMBRE DE PERSONA
Nombre de persona Morgan, Jana,
Término indicativo de función/relación editor
9 (RLIN) 54658
700 1# - PUNTO DE ACCESO ADICIONAL--NOMBRE DE PERSONA
Nombre de persona Boidi, María Fernanda,
Término indicativo de función/relación editor
9 (RLIN) 75260
700 1# - PUNTO DE ACCESO ADICIONAL--NOMBRE DE PERSONA
Nombre de persona Zechmeister, Elizabeth J.
Término indicativo de función/relación editor
9 (RLIN) 75261
710 2# - PUNTO DE ACCESO ADICIONAL--NOMBRE DE ENTIDAD CORPORATIVA
Nombre de entidad corporativa o nombre de jurisdicción como elemento de entrada Agencias de los Estados Unidos para el Desarrollo Internacional
9 (RLIN) 81726
910 ## - DATOS DE OPCIÓN DEL USUARIO (OCLC)
Datos de opción del usuario Lopérez/Validado. Control de calidad MFF
942 ## - ELEMENTOS DE PUNTO DE ACCESO ADICIONAL (KOHA)
Fuente del sistema de clasificación o colocación Dewey Decimal Classification
Tipo de ítem Koha Libro
Existencias
Estado de retiro Estado de pérdida Fuente del sistema de clasificación o colocación Restricciones de uso No para préstamo Código de colección Localización permanente Ubicación/localización actual Ubicación en estantería Fecha de adquisición Fuente de adquisición Signatura topográfica completa Código de barras Fecha visto por última vez Precio válido a partir de Tipo de ítem Koha Número de copia
    Dewey Decimal Classification Excluido de préstamo   Patrimonio Dominicano Biblioteca Nacional Pedro Henríquez Ureña Biblioteca Nacional Pedro Henríquez Ureña Depósito 30.05.2022 Depósito Legal BNPHU PD 320.97293 C968p 2019 2022-2470 30.05.2022 30.05.2022 Libro  
    Dewey Decimal Classification Préstamo en sala   Dominicana de Servicio Biblioteca Nacional Pedro Henríquez Ureña Biblioteca Nacional Pedro Henríquez Ureña Depósito 06.12.2022 Depósito Legal BNPHU DS 320.97293 C968p 2019 2022-2472 06.12.2022 06.12.2022 Libro e. 3
    Dewey Decimal Classification Excluido de préstamo   Patrimonio Dominicano Biblioteca Nacional Pedro Henríquez Ureña Biblioteca Nacional Pedro Henríquez Ureña Depósito 06.12.2022 Depósito Legal BNPHU PD 320.97293 C968p 2019 2022-2471 06.12.2022 06.12.2022 Libro e. 2

Con tecnología Koha